Praktický postup zostavovania konsolidovanej účtovnej závierky

Klasifikácia metód konsolidácie. Zostavovanie účtovnej závierky pomocou jednotlivých metód. Praktické príklady.

Enregistré dans:
Détails bibliographiques
Auteur principal: Fabian, Štefan
Format: Chapitre de livre
Langue:slovaque
Sujets:
Tags: Ajouter un tag
Pas de tags, Soyez le premier à ajouter un tag!

MARC

LEADER 00000naa$a2200000$$$4500
001 0111478
005 20231127110326.6
041 0 |a slo 
044 |a SK 
245 1 0 |a Praktický postup zostavovania konsolidovanej účtovnej závierky  |c Štefan Fabian 
520 |a Klasifikácia metód konsolidácie. Zostavovanie účtovnej závierky pomocou jednotlivých metód. Praktické príklady. 
610 2 0 |a závierka účtovná konsolidovaná 
610 2 0 |a konsolidácia 
610 2 0 |a imanie vlastné 
610 2 0 |a jednotka účtovná 
610 2 0 |a správa verejná 
610 2 0 |a Slovensko 
100 1 |a Fabian, Štefan